000 00669nam a2200265Ia 4500
005 20250425161921.0
008 250425s9999 xx 000 0 und d
020 _a9505372531
041 _aspa
043 _aag
082 _a658.82
100 _aFACCI, CARLOS
245 0 _aCURSO DE TECNICAS DE VENTA: TEORIA Y PRACTICA POR ENSEƑANZA PROGRAMADA
250 _a4A ED.
260 _aArgentina
_bEDICIONES MACCHI
_c1993
260 _aBUENOS AIRES
300 _a202
650 _aADMINISTRACION DE VENTAS
650 _aESTRATEGIAS DE VENTA
650 _aTECNICAS DE MERCADEO
650 _aVENTAS
710 _aMACHI
942 _c01
010 _a34833
999 _c218789
_d218789